Quizzes
Events
Quiz Creation
Community
Videos
Private Events
Remove Ads
Sign In
Join for FREE
Feedback
Dark Mode
Quiz Categories
Sports
Geography
Music
Movies
Television
Just For Fun
Miscellaneous
History
Literature
Language
Science
Gaming
Entertainment
Religion
Holiday
For Kids
Quiz Lab
Recent
Popular Today
Quiz Kudos Today
Editor Picks
Curator Picks
Quizzes by...
Day
Popularity
Type
Ratings
Length
Year
Community
Subscriptions
Recent Discussions
Orange Saloon
Badges
Playlists
Quests
Create
Leaderboards
Showdown
Live 5
Trivia Bingo
Activity
Puzzle Library
Sporcle Events
Private Events
Virtual Trivia
Globe League
Become a Host
Pub Owners
SporcleCon
Opinionation
Our Games
Videos
Blog
Mobile Apps
Partnerships
Remove Ads and Go Orange
Feedback
Entertainment
Celebrity
Famous
Musical
Broadway
Show
Quote
Comic Books
Anime
Superhero
DC Comics
Marvel
Cartoons
Animation
Entertainment
Celebrity
Famous
Musical
Broadway
Show
Quote
Comic Books
Anime
Superhero
DC Comics
Marvel
Cartoons
Animation
Random Quiz
Search Sporcle
×
Quiz Lab
Quiz Lab
Entertainment
Show
Type in answers that appear in a list
Type in answers that appear in a list
Classic
Best Score? Go Orange.
Broadway: The American Musical Stats
Can you name the musicals featured in Broadway: the American Musical?
By
peaceisgood55
8m
54 Questions
224 Plays
224 Plays
224 Plays
Comments
Comments
Give Quiz Kudos
Give Quiz Kudos
-
- Ratings
hide this ad
More Info
Replay
Link that replays current quiz
Next Quiz
Link to next quiz in quiz playlist
You Got
0%
They Got
Avg Score
26%
Avg Friend Score
Upgrade to see
Score Distribution
Jump to the score distribution portion of the page
Score
0/54
Timer
08:00
0
Plays Today
Episode
Show
% Correct
6
Wicked
67.4%
6
Rent
63.4%
5
Hair
62.9%
4
Oklahoma!
62.1%
5
Chicago
56.7%
4
Sound of Music
55.8%
5
West Side Story
54.9%
6
Cats
54.9%
4
South Pacific
53.6%
5
Cabaret
50.4%
6
The Lion King
49.6%
5
A Chorus Line
49.1%
4
Guys and Dolls
47.8%
1
Show Boat
45.1%
4
My Fair Lady
43.3%
4
Carousel
42.9%
5
Fiddler on the Roof
42.9%
4
Kiss Me, Kate
40.6%
5
Company
38.8%
5
Sweeney Todd
37.1%
6
The Producers
37.1%
5
Hello, Dolly!
35.3%
4
Annie Get Your Gun
34.4%
6
42nd Street
33.9%
3
Anything Goes
30.4%
6
Sunday in the Park with George
28.6%
1
Ziegfeld Follies
28.1%
Episode
Show
% Correct
3
Porgy and Bess
25.9%
6
La Cage aux Folles
25.4%
5
The Pajama Game
19.6%
3
Pal Joey
16.1%
4
On the Town
15.6%
3
Of Thee I Sing
10.7%
5
Pacific Overtures
10.3%
3
Girl Crazy
7.1%
3
Gay Divorce
4.9%
1
The Black Crook
4.5%
2
Sally
4%
2
Lady Be, Good!
3.6%
1
Little Johnny Jones
3.1%
2
Good News!
3.1%
2
The Garrick Gaieties
3.1%
3
As Thousands Cheer
3.1%
1
In Dahomey
2.7%
1
The Great Ziegfeld
2.7%
2
A Connecticut Yankee
2.7%
3
This is the Army
2.7%
2
Runnin' Wild
2.2%
2
Shuffle Along
2.2%
2
Tip-Toes
2.2%
3
Americana
1.8%
3
Paris
1.8%
2
George White Sandals
1.3%
3
This Cradle Will Rock
1.3%
Quiz Playlist
Details
Report
Send in Message
Add To Playlist
More Info:
Basically, just name as many musicals as you can think of :)
Classic:
Type in answers that appear in a list
Quiz Source
Last Updated: Feb 16, 2017
Quiz Scoreboard
CHALLENGE
Sign Up to Join the Scoreboard
Show All
Scores
Hide
Comments
May contain spoilers
Recently Published
An Introduction to Baseball
by treessimontrees
Sports
5m
Movies - When Are They Set?
by FPL_Elf
Movies
5m
Popular People in 1961
by mucciniale
History
6m
More to Explore
Quiz From the Vault
Featured Blog Post
Where Did the Easter Bunny Come From?
hide this ad
You Might Also Like...
Tags
Broadway Quiz
Musical Quiz
Show Quiz
America
episode
Featured
Today's Top Quizzes in Entertainment
Browse Entertainment
hide this ad
Today's Top Quizzes in Show
Browse Show
Top Contributed Quizzes in Entertainment
1
Kamen Rider Motifs
2
7-to-1: DC Comics Villains
3
Dragon Ball Z: Goku's Fights in Order
4
Dragon Ball Z: Mega Character Search
5
Marvel Characters Bunker
6
Criteria Quickie: Cartoon Taxonomy II
7
Fictional Villains Letter U Blitz
8
Sorting Pictures: Villains
9
One Thing in Common: Fictional Characters
10
Eurovision 2023 Logic Puzzle
Explore More
Trending Topics
Disney
Marvel
Harry Potter
NBA
Kpop
Anime
Crossword
Soccer
Pokémon
WWE
NFL
Puzzle
Country
The Office
Song
hide this ad
More By:
peaceisgood55
Quiz
Plays
Rating
Category
Featured
Created
Word Ladder: Broadway
50,513
4.34
Just For Fun
Nov 12, 2010
Broadway: The American Musical
224
4.50
Entertainment
May 24, 2010
Go to Creator's Profile
Score Distribution
Quiz Creator Spotlight
peaceisgood55
Follow
Send a Message
Quizzes Created
-
Created Quiz Play Count
-
More By This Creator
Popular Quizzes Today
1
Find the Countries of Europe - No Outlines Minefield
2
Find the US States - No Outlines Minefield
3
The Countries of the World
4
Popular People in 1961
5
US States
6
Find the US States
7
1-10 Letter E Words III
8
Risky Map Clicking: Biggest States A-Z
More Entertainment Quizzes
Dragon Ball Z: 'M' Characters
Quiz Lab
Trending Quizzes
Risky Map Clicking: Least Populous States A-Z
1-10 Letter F Words
1-10 Letter G Words
One Thing in Common: United Kingdom
Not Quite an Element Typing Challenge
Recently Updated
Leaping Animals
pecheneg
Reality TV Shows (A-Z)
bhenderson79
Rickey Henderson's Hall of Fame Teammates
pecheneg
Champions League XIs: Arsenal
pecheneg
Quick Pick: Celebrities in WWE's Hall of Fame
aduchscher
A-Z Keypad Blitz II
pecheneg
Multiple Oscar Actors
pecheneg
Mystery Phrase Blitz: Oscar 'Best Actors'
pecheneg
F. Scott Fitzgerald Novels
LTH
Pick 3 Villains
ddd62291
Trending Topics
Marvel
NBA
Anime
Kpop
Harry Potter
Disney
Crossword
Song
Country
NFL
The Office
WWE
Pokémon
Puzzle
Soccer
Your Account Isn't Verified!
In order to create a playlist on Sporcle, you need to verify the email address you used during registration. Go to your
Sporcle Settings
to finish the process.
Report this User
Report this user for behavior that violates our
Community Guidelines
.
Details:
Send Report
Go to the Sporcle.com Mobile Site →
Comments